Entertainment Books: The Subtitles Quiz Stats

 Plays Quiz Updated Sep 16, 2016

Challenge
Share
Tweet
Embed
Score 0/15 Timer 04:00
0 Plays Today
% Correct
Wonder Woman Unbound
86.5%
Las Vegas Weddings
80.9%
The Art of Osamu Tezuka
80.6%
I'll Have What She's Having
80.5%
When Stravinsky Met Nijinsky
79.7%
Balloons Over Broadway
79.2%
Border Radio
76.4%
As You Wish
64.2%
% Correct
Born Standing Up
61%
75 Years of Marvel Comics
59.3%
Designing Disney's Theme Parks
56.8%
You're Never Weird on the Internet
52.9%
Strippers, Showgirls, and Sharks
45.6%
Prince of Humbug
43.5%
The Horror! The Horror!
30.7%

You're not logged in!

Compare scores with friends on all Sporcle quizzes.
Join for Free
OR
Log In

You Might Also Like...

Show Comments

Extras

Top Quizzes Today


Score Distribution

Your Account Isn't Verified!

In order to create a playlist on Sporcle, you need to verify the email address you used during registration. Go to your Sporcle Settings to finish the process.

Report this User

Report this user for behavior that violates our Community Guidelines.

Details: